<?xml version="1.0" encoding="UTF-8"?>
<collection xmlns="http://www.loc.gov/MARC21/slim">
 <record>
  <leader>00577pamaa2200169   4500</leader>
  <controlfield tag="001">0000037806</controlfield>
  <controlfield tag="005">20061010090000.0</controlfield>
  <datafield tag="020" ind1="0" ind2="0">
   <subfield code="a">0813305500 </subfield>
  </datafield>
  <datafield tag="090" ind1="0" ind2="0">
   <subfield code="a">PQ7083.W66 </subfield>
   <subfield code="b">WOM 1991</subfield>
  </datafield>
  <datafield tag="245" ind1="1" ind2="0">
   <subfield code="a">WOMEN'S writing in Latin America : </subfield>
   <subfield code="b">an anthology  </subfield>
   <subfield code="c">edited by Sara Castro-Klaren, Sylvia Molly, Beatrice Sarlo.</subfield>
  </datafield>
  <datafield tag="260" ind1="0" ind2="0">
   <subfield code="a">Boulder; Clorado: </subfield>
   <subfield code="b">Westview Press, </subfield>
   <subfield code="c">1991.</subfield>
  </datafield>
  <datafield tag="300" ind1=" " ind2=" ">
   <subfield code="a">xiii, 362p.; </subfield>
   <subfield code="c">23 cm.</subfield>
  </datafield>
  <datafield tag="650" ind1="0" ind2="0">
   <subfield code="a">Latin America -- </subfield>
   <subfield code="x">Women authors </subfield>
  </datafield>
  <datafield tag="650" ind1="0" ind2="0">
   <subfield code="a">Women -- </subfield>
   <subfield code="x">Literary collections </subfield>
  </datafield>
  <datafield tag="700" ind1="1" ind2="1">
   <subfield code="a">Castro-Klaren, </subfield>
   <subfield code="h">Sara </subfield>
  </datafield>
  <datafield tag="700" ind1="1" ind2="1">
   <subfield code="a">Molly, </subfield>
   <subfield code="h">Sylvia </subfield>
  </datafield>
  <datafield tag="700" ind1="1" ind2="1">
   <subfield code="a">Sarlo, </subfield>
   <subfield code="h">Beatrice </subfield>
  </datafield>
 </record>
</collection>
